Foreign bank entry, performance of domestic banks and sequence of financial liberalization (Record no. 291761)

000 -LEADER
fixed length control field 00537cam a22001577a 4500
008 - FIXED-LENGTH DATA ELEMENTS--GENERAL INFORMATION
fixed length control field 180718b2004 xxu||||| |||| 00| 0 eng d
100 ## - MAIN ENTRY--PERSONAL NAME
Personal name Bayraktar, Nihal
245 ## - TITLE STATEMENT
Title Foreign bank entry, performance of domestic banks and sequence of financial liberalization
Statement of responsibility, etc. by Nihal Bayraktar and Yan Wang
260 ## - PUBLICATION, DISTRIBUTION, ETC.
Place of publication, distribution, etc. Washington, D.C.
Name of publisher, distributor, etc. World Bank
Date of publication, distribution, etc. 2004
300 ## - PHYSICAL DESCRIPTION
Extent 42p.
440 ## - SERIES STATEMENT/ADDED ENTRY--TITLE
Title Policy research working paper; no. 3416
650 ## - SUBJECT ADDED ENTRY--TOPICAL TERM
Topical term or geographic name entry element Finance
650 ## - SUBJECT ADDED ENTRY--TOPICAL TERM
Topical term or geographic name entry element Banks and banking
650 ## - SUBJECT ADDED ENTRY--TOPICAL TERM
Topical term or geographic name entry element Banks and banking, Foreign
700 ## - ADDED ENTRY--PERSONAL NAME
Personal name Wang, Yan
Holdings
Withdrawn status Lost status Damaged status Not for loan Permanent Location Current Location Date acquired Barcode Date last seen Price effective from Koha item type
        Indian Institute of Public Administration Indian Institute of Public Administration 2005-05-04 WB10414 2018-07-20 2018-07-20 WB

Powered by Koha